Les Cosaques d'autrefois, (Record no. 22901)
[ view plain ]
| 000 -LEADER | |
|---|---|
| fixed length control field | 00841cam a22002771 4500 |
| 001 - CONTROL NUMBER | |
| control field | f 01002686 |
| 003 - CONTROL NUMBER IDENTIFIER | |
| control field | DLC |
| 005 - DATE AND TIME OF LATEST TRANSACTION | |
| control field | 20260227111244.0 |
| 008 - FIXED-LENGTH DATA ELEMENTS--GENERAL INFORMATION | |
| fixed length control field | 751017s1865 xx 000 0 fre |
| 010 ## - LIBRARY OF CONGRESS CONTROL NUMBER | |
| LC control number | f 01002686 |
| 035 ## - SYSTEM CONTROL NUMBER | |
| System control number | (OCoLC)1712375 |
| 040 ## - CATALOGING SOURCE | |
| Original cataloging agency | DLC |
| Transcribing agency | MBU |
| Modifying agency | DLC |
| 042 ## - AUTHENTICATION CODE | |
| Authentication code | premarc |
| 050 00 - LIBRARY OF CONGRESS CALL NUMBER | |
| Classification number | DK35 |
| Item number | .M56 |
| 100 1# - MAIN ENTRY--PERSONAL NAME | |
| Personal name | Mérimée, Prosper, |
| Dates associated with a name | 1803-1870. |
| 245 14 - TITLE STATEMENT | |
| Title | Les Cosaques d'autrefois, |
| Statement of responsibility, etc. | par Prosper Mérimée. |
| 250 ## - EDITION STATEMENT | |
| Edition statement | 2. éd. |
| 260 ## - PUBLICATION, DISTRIBUTION, ETC. | |
| Place of publication, distribution, etc. | Paris, |
| Name of publisher, distributor, etc. | Michel Lévy frères, |
| Date of publication, distribution, etc. | 1865. |
| 300 ## - PHYSICAL DESCRIPTION | |
| Extent | 2 p. l., 369 p. 1 l. |
| Dimensions | 19 cm. |
| 440 #0 - SERIES STATEMENT/ADDED ENTRY--TITLE | |
| Title | Bibliothèque contemporaine |
| 500 ## - GENERAL NOTE | |
| General note | On cover: 3 éd. ... 1890. |
| 505 0# - FORMATTED CONTENTS NOTE | |
| Formatted contents note | Bogdan Chmielnicki--Stenka Razine. |
| 650 #0 - SUBJECT ADDED ENTRY--TOPICAL TERM | |
| Topical term or geographic name entry element | Cossacks. |
| 600 10 - SUBJECT ADDED ENTRY--PERSONAL NAME | |
| Personal name | Khmelʹnyt͡sʹkyĭ, Bohdan, |
| Dates associated with a name | approximately 1594-1657. |
| 700 1# - ADDED ENTRY--PERSONAL NAME | |
| Personal name | Razin, Stepan Timofeevich, |
| Dates associated with a name | -1671. |
No items available.